Food service and catering management : (Record no. 8011)
[ view plain ]
| 000 -LEADER | |
|---|---|
| fixed length control field | 00709nam a22002057a 4500 |
| 003 - CONTROL NUMBER IDENTIFIER | |
| control field | OSt |
| 005 - DATE AND TIME OF LATEST TRANSACTION | |
| control field | 20260130005327.0 |
| 008 - FIXED-LENGTH DATA ELEMENTS--GENERAL INFORMATION | |
| fixed length control field | 260130b |||||||| |||| 00| 0 eng d |
| 020 ## - INTERNATIONAL STANDARD BOOK NUMBER | |
| International Standard Book Number | 971-27-1457-8 |
| 040 ## - CATALOGING SOURCE | |
| Original cataloging agency | DWC-Main Lib |
| Transcribing agency | OC |
| 082 ## - DEWEY DECIMAL CLASSIFICATION NUMBER | |
| Classification number | Res. 642 M466 2004 |
| 245 ## - TITLE STATEMENT | |
| Title | Food service and catering management : |
| Remainder of title | a practical guide |
| 260 ## - PUBLICATION, DISTRIBUTION, ETC. | |
| Place of publication, distribution, etc. | Philippines : |
| Name of publisher, distributor, etc. | ANVIL Publishing, Inc., |
| Date of publication, distribution, etc. | c2004 |
| 300 ## - PHYSICAL DESCRIPTION | |
| Extent | vii, 203 pages ; |
| Other physical details | illustration ; |
| Dimensions | 25 cm. |
| 504 ## - BIBLIOGRAPHY, ETC. NOTE | |
| Bibliography, etc. note | Includes bibliographical references and index. |
| 650 ## - SUBJECT ADDED ENTRY--TOPICAL TERM | |
| Topical term or geographic name entry element | Caterers and catering. |
| 650 ## - SUBJECT ADDED ENTRY--TOPICAL TERM | |
| Topical term or geographic name entry element | Food service. |
| 710 ## - ADDED ENTRY--CORPORATE NAME | |
| Corporate name or jurisdiction name as entry element | The Maya Kitchen |
| 942 ## - ADDED ENTRY ELEMENTS (KOHA) | |
| Source of classification or shelving scheme | Dewey Decimal Classification |
| Koha item type | Book- Reserved |
| Classification part | Res. 642 M466 2004 |
| Call number prefix | Res. |
| Suppress in OPAC | No |
| 952 ## - LOCATION AND ITEM INFORMATION (KOHA) | |
| -- | |
| Withdrawn status | Lost status | Source of classification or shelving scheme | Damaged status | Not for loan | Home library | Current library | Shelving location | Date acquired | Source of acquisition | Cost, normal purchase price | Total Checkouts | Full call number | Barcode | Date last seen | Copy number | Price effective from | Koha item type | Uniform Resource Identifier |
|---|---|---|---|---|---|---|---|---|---|---|---|---|---|---|---|---|---|---|
| Dewey Decimal Classification | College Library | HM & Nursing Library | Reserved | 07/16/2005 | School Fund | 525.00 | Res. 642 M466 2004 | HMN42081 | 01/30/2026 | c1 | 01/30/2026 | BK-0 CIRC |